Textbook on Economics for Law Students/ (Record no. 87922)

MARC details
000 -LEADER
fixed length control field 00758nam a22002057a 4500
005 - DATE AND TIME OF LATEST TRANSACTION
control field 20140924135349.0
010 ## - LCCN (DPL NO)
LC control number B-538711
020 ## - INTERNATIONAL STANDARD BOOK NUMBER
International Standard Book Number 9788175347885
Terms of availability 425.00
035 ## - SYSTEM CONTROL NUMBER
System control number B-538711
037 ## - SOURCE OF ACQUISITION
Source of stock number/acquisition UBH
082 ## - DEWEY DECIMAL CLASSIFICATION NUMBER
Classification number 343.047
100 ## - MAIN ENTRY--PERSONAL NAME
Personal name Satija, Kalpana
245 ## - TITLE STATEMENT
Title Textbook on Economics for Law Students/
Statement of responsibility, etc by Kalpana Satija
260 ## - PUBLICATION, DISTRIBUTION, ETC. (IMPRINT)
Place of publication, distribution, etc New Delhi
Name of publisher, distributor, etc Universal Law Publishing
Date of publication, distribution, etc 2013
270 ## - ADDRESS
Address A-58, G.T. Karnal Road Industrial Area, (near Azad Pur Metro Station)
City Delhi
Postal code 110033
300 ## - PHYSICAL DESCRIPTION
Extent 710p
Dimensions 24cm(pbk)
500 ## - GENERAL NOTE
General note index includes
942 ## - ADDED ENTRY ELEMENTS (KOHA)
Source of classification or shelving scheme Dewey Decimal Classification
Item type English Books
Call number suffix SAT
Classification part 343.047
Holdings
Withdrawn status Lost status Not for loan Collection code Home library Current library Date acquired Source of acquisition Cost, normal purchase price Full call number Barcode Copy number Cost, replacement price Koha item type
  Written-off vide DLB M. No. 383 dt 16.05.19   Non-fiction Sarojini Nagar Sarojini Nagar 17/09/2014 UBH/109/9.7.14/DPL/ZLS/RP/2014-15/1/17/26.5.14/17.7.14 425.00 343.047 SAT B-538711 1 425.00 English Books

© Delhi Public Library
Hit Counter
free hit counter